| 000 | 00882nam a2200205 i 4500 | ||
|---|---|---|---|
| 001 | 98000 | ||
| 003 | ES-MaACL | ||
| 005 | 20230906182211.0 | ||
| 007 | t| | ||
| 008 | 050721s1980 sp |||| | spa d | ||
| 100 | 1 |
_aMaroto Acín, Juan Antonio. _976962 |
|
| 245 | 1 | 0 |
_aConsideraciones en torno al excedente de productividad global _b: una propuesta para la evaluación de resultados en la empresa pública / _cJuan Antonio Maroto Acín. |
| 260 |
_aMadrid : _bUniversidad Complutense. Facultad de Ciencias Económicas y Empresariales, _c1980. |
||
| 300 |
_aXXI, 693 p. ; _c21 cm. |
||
| 502 | _aTesis-Universidad Complutense de Madrid. | ||
| 504 | _aBibliografía: p. 651-693. | ||
| 650 | 4 |
_aAdministración pública- _xProductividad. _9168385 |
|
| 710 | 2 |
_aUniversidad Complutense de Madrid. _bFacultad de Ciencias Económicas y Empresariales. _97115 |
|
| 852 |
_aES-MaACL _jL-338 |
||
| 999 |
_c98000 _d98000 |
||